| 000 | 01422nam a2200241Ia 4500 | ||
|---|---|---|---|
| 003 | Ost | ||
| 005 | 20260507075256.0 | ||
| 008 | 260507s9999||||xx |||||||||||||| ||und|| | ||
| 020 | _a7091375977 | ||
| 040 | _cfsecg | ||
| 041 | _aara | ||
| 082 | _a330 | ||
| 100 |
_aالعدلي، أشرف أحمد _eمؤلف |
||
| 245 | 0 |
_aالتجارة الدولية : _bالتجارة الخارجية ، الصادرات و الواردات ، التعريفة الجمركية ، السوق العربية المشتركة و ظاهرة العولمة / _c أشرف أحمد العدلي |
|
| 260 |
_aالاسكندرية: _bمؤسسة رئية, _c2006 |
||
| 300 |
_a291 صفحة؛ _c24 سم |
||
| 520 | _aمفهوم و نظريات التجارة الدولية ، الميزان التجاري الدولي و ظاهرة العولمة ، حرية و حماية التجارة الداخلية و الخارجية ، التعريفة الجمركية و الهدف منها و قواعد تطبيق هذه التعريفة ، الاسواق العربية و الاتحادات الاقتصادية ، أشكال التعاون الاقتصادي الدولي و الاتجاه نحو سوق عربية مشتركة بدون حواجز جمركية. | ||
| 653 | _aالاقتصاد الدولي | ||
| 653 | _aالتجارة | ||
| 653 | _aالتجارة الخارجية | ||
| 653 | _aالتصدير | ||
| 942 | _cكتاب | ||
| 999 |
_c43748 _d43748 |
||